| 000 | 01084cam a2200349 a 4500 | ||
|---|---|---|---|
| 001 | ocn317926633 | ||
| 003 | OCoLC | ||
| 005 | 20150408113919.0 | ||
| 008 | 090731s2010 enka b 000 0 eng | ||
| 020 | _a9780230224544 (pbk.) | ||
| 020 | _a0230224547 (pbk.) | ||
| 035 | _a(OCoLC)317926633 | ||
| 040 |
_aUKM _cUKM _dBTCTA _dYDXCP _dBWKUK _dBWK _dUV0 _dBWX _dNYP |
||
| 049 | _aNYPP | ||
| 050 | 4 |
_aLB2369 _b.B58 2010 |
|
| 082 | 0 | 4 |
_a808.06641 _222 _bBJW |
| 091 | _a808.0664 | ||
| 100 | 1 |
_aBitchener, John. _94206 |
|
| 245 | 1 | 0 |
_aWriting an applied linguistics thesis or dissertation : _ba guide to presenting empirical research / _cJohn Bitchener. |
| 260 |
_aBasingstoke, UK ; _aNew York : _bPalgrave Macmillan, _c2010. |
||
| 300 |
_axi, 216 p. : _bill. ; _c23 cm. |
||
| 504 | _aIncludes bibliographical references. | ||
| 650 | 0 |
_aDissertations, Academic. _94276 |
|
| 650 | 0 |
_aAcademic writing. _94072 |
|
| 650 | 0 | _aLinguistics. | |
| 901 | _aBTCLSD101020B | ||
| 901 |
_arbf _bCMC _cCATBL |
||
| 901 | _aMARS | ||
| 908 | 4 | _aLB2369 | |
| 942 |
_2ddc _cDVD |
||
| 945 | _a.o13003446 | ||
| 999 |
_c14348 _d248848 |
||